Statistics for Countries With The Highest Police Officer Rate

Click here to take the quiz!

General Stats

  • This quiz has been taken 14 times
  • The average score is 5 of 15

Answer Stats

Officer RateAnswer% Correct
1,302Monaco
75%
15,439Vatican City
67%
695Antigua and Barbuda
42%
794Bahamas
42%
710Dominica
42%
871Grenada
42%
628Saint Vincent and the Grenadines
42%
974Saint Kitts and Nevis
33%
677Tuvalu
33%
798Argentina
25%
1,068Brunei
25%
793Nauru
25%
987Mauritius
8%
677Montenegro
8%
636Serbia
8%

Score Distribution

Percentile by Number Answered

Percent of People with Each Score

Your Score History

You have not taken this quiz